000
00301nam a22001217a 4500
008
181102b xxu||||| |||| 00| 0 eng d
041
_a
eng
080
_a
616.12
100
_a
6
101
_a
KAR
245
_a
Mechanisms of Contraction of the Normal and Failing Heart
_c
Braunwald, E
942
_2
udc
_c
BK
999
_c
51636
_d
51636